[Event "ODJM B 2024"]
[Site "Willingen GER"]
[Date "2024.05.21"]
[Round "4"]
[White "Claussen, Alexander"]
[Black "Hierl, Andreas"]
[Result "0-1"]
[Termination "normal"]
[Board "23"]
[WhiteElo "1595"]
[BlackElo "1713"]
[WhiteClock "01:04:36"]
[BlackClock "01:05:25"]
[PlyCount "48"]
[WhiteFideId "16248910"]
[BlackFideId "34660496"]
[EventCountry "GER"]
[EventRounds "9"]
[EventType "swiss"]
[EventDate "2024.05.18"]

1. b3 {[%clk 01:30:57]} {[%emt 00:00:02]} d5 {[%clk 01:30:55]} {[%emt
00:00:05]} 2. e3 {[%clk 01:31:23]} {[%emt 00:00:04]} Nf6 {[%clk 01:31:16]}
{[%emt 00:00:09]} 3. Bb2 {[%clk 01:31:47]} {[%emt 00:00:06]} Bf5 {[%clk
01:31:38]} {[%emt 00:00:08]} 4. f4 {[%clk 01:32:11]} {[%emt 00:00:06]} e6
{[%clk 01:31:57]} {[%emt 00:00:12]} 5. Nf3 {[%clk 01:32:34]} {[%emt 00:00:06]}
Bd6 {[%clk 01:32:18]} {[%emt 00:00:08]} 6. Be2 {[%clk 01:32:55]} {[%emt
00:00:10]} Nbd7 {[%clk 01:32:30]} {[%emt 00:00:18]} 7. O-O {[%clk 01:33:13]}
{[%emt 00:00:12]} c6 {[%clk 01:32:54]} {[%emt 00:00:06]} 8. c4 {[%clk
01:33:10]} {[%emt 00:00:33]} Qc7 {[%clk 01:32:54]} {[%emt 00:00:29]} 9. d4
{[%clk 01:32:58]} {[%emt 00:00:43]} Ne4 {[%clk 01:31:27]} {[%emt 00:01:56]} 10.
Nbd2 {[%clk 01:29:46]} {[%emt 00:03:44]} Ndf6 {[%clk 01:31:29]} {[%emt
00:00:27]} 11. Bd3 {[%clk 01:23:17]} {[%emt 00:06:59]} h6 {[%clk 01:30:01]}
{[%emt 00:01:58]} 12. Qc2 {[%clk 01:22:53]} {[%emt 00:00:54]} g5 {[%clk
01:24:20]} {[%emt 00:06:11]} 13. c5 {[%clk 01:20:34]} {[%emt 00:02:49]} Be7
{[%clk 01:23:21]} {[%emt 00:01:29]} 14. Ne5 {[%clk 01:20:57]} {[%emt 00:00:07]}
gxf4 {[%clk 01:12:54]} {[%emt 00:10:57]} 15. exf4 {[%clk 01:21:12]} {[%emt
00:00:15]} Rg8 {[%clk 01:11:20]} {[%emt 00:02:03]} 16. Rf3 {[%clk 01:16:17]}
{[%emt 00:05:26]} Rg7 {[%clk 01:08:55]} {[%emt 00:02:55]} 17. Kh1 {[%clk
01:13:54]} {[%emt 00:02:53]} O-O-O {[%clk 01:07:15]} {[%emt 00:02:09]} 18. Rg1
{[%clk 01:11:06]} {[%emt 00:03:19]} Rdg8 {[%clk 01:06:54]} {[%emt 00:00:50]}
19. Nxe4 {[%clk 01:11:11]} {[%emt 00:00:26]} dxe4 {[%clk 01:06:24]} {[%emt
00:00:59]} 20. g3 {[%clk 01:04:49]} {[%emt 00:06:51]} exd3 {[%clk 01:06:30]}
{[%emt 00:00:26]} 21. Nxd3 {[%clk 01:04:10]} {[%emt 00:01:09]} Be4 {[%clk
01:06:39]} {[%emt 00:00:20]} 22. Qe2 {[%clk 01:03:48]} {[%emt 00:00:54]} Qd8
{[%clk 01:04:43]} {[%emt 00:02:24]} 23. Nf2 {[%clk 01:04:10]} {[%emt 00:00:09]}
Bxf3+ {[%clk 01:05:06]} {[%emt 00:00:07]} 24. Qxf3 {[%clk 01:04:36]} {[%emt
00:00:04]} Qd5 {[%clk 01:05:25]} {[%emt 00:00:11]} 0-1

[Event "ODJM B 2024"]
[Site "Willingen GER"]
[Date "2024.05.21"]
[Round "4"]
[White "Fettig, Konrad"]
[Black "Kuhlmann, Nils Magnus"]
[Result "0-1"]
[Termination "normal"]
[Board "24"]
[WhiteElo "1744"]
[BlackElo "1757"]
[WhiteClock "00:53:29"]
[BlackClock "00:22:37"]
[PlyCount "68"]
[WhiteFideId "34622888"]
[BlackFideId "16287177"]
[EventCountry "GER"]
[EventRounds "9"]
[EventType "swiss"]
[EventDate "2024.05.18"]

1. e4 {[%clk 01:30:50]} {[%emt 00:00:09]} c6 {[%clk 01:30:49]} {[%emt
00:00:12]} 2. d4 {[%clk 01:31:02]} {[%emt 00:00:18]} d5 {[%clk 01:31:02]}
{[%emt 00:00:17]} 3. exd5 {[%clk 01:31:24]} {[%emt 00:00:08]} cxd5 {[%clk
01:31:24]} {[%emt 00:00:09]} 4. Bd3 {[%clk 01:31:35]} {[%emt 00:00:19]} Nc6
{[%clk 01:31:17]} {[%emt 00:00:36]} 5. c3 {[%clk 01:31:56]} {[%emt 00:00:09]}
Qc7 {[%clk 01:29:47]} {[%emt 00:01:59]} 6. Nf3 {[%clk 01:29:46]} {[%emt
00:02:41]} Bg4 {[%clk 01:29:05]} {[%emt 00:01:13]} 7. h3 {[%clk 01:28:03]}
{[%emt 00:02:12]} Bh5 {[%clk 01:29:26]} {[%emt 00:00:10]} 8. Bg5 {[%clk
01:26:12]} {[%emt 00:02:21]} e6 {[%clk 01:26:00]} {[%emt 00:03:56]} 9. Nbd2
{[%clk 01:26:08]} {[%emt 00:00:33]} Bd6 {[%clk 01:26:08]} {[%emt 00:00:22]} 10.
Qc2 {[%clk 01:25:25]} {[%emt 00:01:13]} Nge7 {[%clk 01:25:33]} {[%emt
00:01:05]} 11. Bxe7 {[%clk 01:24:08]} {[%emt 00:01:47]} Nxe7 {[%clk 01:25:36]}
{[%emt 00:00:27]} 12. O-O-O {[%clk 01:23:02]} {[%emt 00:01:36]} Bg6 {[%clk
01:25:08]} {[%emt 00:00:58]} 13. Nh4 {[%clk 01:21:13]} {[%emt 00:02:18]} Bxd3
{[%clk 01:23:44]} {[%emt 00:01:55]} 14. Qxd3 {[%clk 01:21:10]} {[%emt
00:00:33]} a6 {[%clk 01:13:23]} {[%emt 00:10:51]} 15. Rde1 {[%clk 01:17:10]}
{[%emt 00:04:30]} O-O-O {[%clk 01:11:25]} {[%emt 00:02:29]} 16. Ndf3 {[%clk
01:17:08]} {[%emt 00:00:31]} Nc6 {[%clk 01:11:05]} {[%emt 00:00:49]} 17. g4
{[%clk 01:15:09]} {[%emt 00:02:30]} b5 {[%clk 01:05:58]} {[%emt 00:05:37]} 18.
Kb1 {[%clk 01:13:26]} {[%emt 00:02:13]} Kb7 {[%clk 01:04:06]} {[%emt 00:02:21]}
19. Rc1 {[%clk 01:11:56]} {[%emt 00:02:01]} Na5 {[%clk 01:00:25]} {[%emt
00:04:11]} 20. Nd2 {[%clk 01:10:20]} {[%emt 00:02:05]} Nc4 {[%clk 00:59:30]}
{[%emt 00:01:26]} 21. Nxc4 {[%clk 01:10:34]} {[%emt 00:00:16]} bxc4 {[%clk
00:59:53]} {[%emt 00:00:07]} 22. Qe2 {[%clk 01:09:52]} {[%emt 00:01:11]} a5
{[%clk 00:50:46]} {[%emt 00:09:39]} 23. Nf3 {[%clk 01:07:15]} {[%emt 00:03:06]}
a4 {[%clk 00:49:39]} {[%emt 00:01:37]} 24. a3 {[%clk 01:06:37]} {[%emt
00:01:09]} Qb6 {[%clk 00:49:27]} {[%emt 00:00:42]} 25. Ka1 {[%clk 01:06:42]}
{[%emt 00:00:23]} Kc7 {[%clk 00:46:53]} {[%emt 00:03:06]} 26. Ne1 {[%clk
01:01:42]} {[%emt 00:05:30]} Rb8 {[%clk 00:44:15]} {[%emt 00:03:08]} 27. Ng2
{[%clk 00:59:57]} {[%emt 00:02:14]} Rb7 {[%clk 00:41:55]} {[%emt 00:02:50]} 28.
Qc2 {[%clk 00:58:16]} {[%emt 00:02:10]} Rhb8 {[%clk 00:26:16]} {[%emt
00:16:10]} 29. Rb1 {[%clk 00:58:13]} {[%emt 00:00:33]} Qa5 {[%clk 00:26:09]}
{[%emt 00:00:37]} 30. Rhc1 {[%clk 00:56:24]} {[%emt 00:02:18]} Rb3 {[%clk
00:25:53]} {[%emt 00:00:46]} 31. Ka2 {[%clk 00:56:18]} {[%emt 00:00:36]} Qb5
{[%clk 00:24:40]} {[%emt 00:01:44]} 32. Qd2 {[%clk 00:55:27]} {[%emt 00:01:21]}
Bxa3 {[%clk 00:23:47]} {[%emt 00:01:23]} 33. Qf4+ {[%clk 00:54:08]} {[%emt
00:01:48]} Kc6 {[%clk 00:22:35]} {[%emt 00:01:42]} 34. Rc2 {[%clk 00:53:29]}
{[%emt 00:01:09]} Bxb2 {[%clk 00:22:37]} {[%emt 00:00:28]} 0-1

[Event "ODJM B 2024"]
[Site "Willingen GER"]
[Date "2024.05.21"]
[Round "4"]
[White "Fischer, Lorenz"]
[Black "Fize, Aleksandrs"]
[Result "1-0"]
[Termination "normal"]
[Board "25"]
[WhiteElo "1714"]
[BlackElo "1609"]
[WhiteClock "00:23:39"]
[BlackClock "01:11:13"]
[PlyCount "89"]
[WhiteFideId "16296710"]
[BlackFideId "34623779"]
[EventCountry "GER"]
[EventRounds "9"]
[EventType "swiss"]
[EventDate "2024.05.18"]

1. d4 {[%clk 01:30:59]} {[%emt 00:00:01]} d5 {[%clk 01:30:56]} {[%emt
00:00:05]} 2. Nf3 {[%clk 01:31:23]} {[%emt 00:00:05]} e6 {[%clk 01:31:00]}
{[%emt 00:00:25]} 3. e3 {[%clk 01:31:50]} {[%emt 00:00:04]} f5 {[%clk
01:30:58]} {[%emt 00:00:33]} 4. c4 {[%clk 01:32:10]} {[%emt 00:00:09]} c6
{[%clk 01:31:20]} {[%emt 00:00:08]} 5. Bd3 {[%clk 01:32:08]} {[%emt 00:00:32]}
Nf6 {[%clk 01:31:43]} {[%emt 00:00:08]} 6. Nc3 {[%clk 01:32:09]} {[%emt
00:00:29]} Bd6 {[%clk 01:31:43]} {[%emt 00:00:29]} 7. b3 {[%clk 01:32:24]}
{[%emt 00:00:15]} O-O {[%clk 01:32:05]} {[%emt 00:00:08]} 8. O-O {[%clk
01:32:22]} {[%emt 00:00:31]} Ne4 {[%clk 01:32:05]} {[%emt 00:00:31]} 9. Ne2
{[%clk 01:32:43]} {[%emt 00:00:09]} Nd7 {[%clk 01:32:00]} {[%emt 00:00:35]} 10.
Bb2 {[%clk 01:32:01]} {[%emt 00:01:12]} b6 {[%clk 01:28:24]} {[%emt 00:04:06]}
11. Ne5 {[%clk 01:31:30]} {[%emt 00:01:02]} Nxe5 {[%clk 01:27:57]} {[%emt
00:00:57]} 12. dxe5 {[%clk 01:31:32]} {[%emt 00:00:27]} Be7 {[%clk 01:25:53]}
{[%emt 00:02:34]} 13. Nf4 {[%clk 01:14:17]} {[%emt 00:17:45]} Qc7 {[%clk
01:23:17]} {[%emt 00:03:06]} 14. Rc1 {[%clk 01:10:01]} {[%emt 00:04:46]} Qd7
{[%clk 01:13:38]} {[%emt 00:10:08]} 15. f3 {[%clk 00:56:51]} {[%emt 00:13:40]}
Nc5 {[%clk 01:14:01]} {[%emt 00:00:07]} 16. Be2 {[%clk 00:56:38]} {[%emt
00:00:44]} Bb7 {[%clk 01:12:53]} {[%emt 00:01:37]} 17. a4 {[%clk 00:47:14]}
{[%emt 00:09:54]} a5 {[%clk 01:11:43]} {[%emt 00:01:41]} 18. Qc2 {[%clk
00:38:09]} {[%emt 00:09:35]} Rac8 {[%clk 01:11:56]} {[%emt 00:00:17]} 19. Rfd1
{[%clk 00:37:37]} {[%emt 00:01:02]} Bg5 {[%clk 01:07:53]} {[%emt 00:04:32]} 20.
Bd4 {[%clk 00:33:42]} {[%emt 00:04:26]} Bxf4 {[%clk 01:07:14]} {[%emt
00:01:08]} 21. exf4 {[%clk 00:34:10]} {[%emt 00:00:03]} Qe7 {[%clk 01:07:12]}
{[%emt 00:00:32]} 22. Bf2 {[%clk 00:32:11]} {[%emt 00:02:28]} Rfd8 {[%clk
01:06:44]} {[%emt 00:00:58]} 23. Rd4 {[%clk 00:27:34]} {[%emt 00:05:08]} Na6
{[%clk 01:06:34]} {[%emt 00:00:39]} 24. cxd5 {[%clk 00:22:42]} {[%emt
00:05:22]} cxd5 {[%clk 01:05:32]} {[%emt 00:01:33]} 25. Qb2 {[%clk 00:22:04]}
{[%emt 00:01:07]} Rxc1+ {[%clk 01:05:50]} {[%emt 00:00:12]} 26. Qxc1 {[%clk
00:22:31]} {[%emt 00:00:04]} Rc8 {[%clk 01:06:15]} {[%emt 00:00:05]} 27. Qd1
{[%clk 00:22:45]} {[%emt 00:00:15]} Qc7 {[%clk 01:06:11]} {[%emt 00:00:34]} 28.
Rd2 {[%clk 00:22:40]} {[%emt 00:00:35]} Nb4 {[%clk 01:06:22]} {[%emt 00:00:19]}
29. Bd3 {[%clk 00:20:44]} {[%emt 00:02:27]} Nxd3 {[%clk 01:06:18]} {[%emt
00:00:33]} 30. Rxd3 {[%clk 00:21:03]} {[%emt 00:00:11]} Ba6 {[%clk 01:06:36]}
{[%emt 00:00:13]} 31. Rd2 {[%clk 00:20:05]} {[%emt 00:01:29]} Qc6 {[%clk
01:06:29]} {[%emt 00:00:36]} 32. g4 {[%clk 00:17:41]} {[%emt 00:02:54]} fxg4
{[%clk 01:06:06]} {[%emt 00:00:53]} 33. fxg4 {[%clk 00:17:59]} {[%emt
00:00:12]} b5 {[%clk 01:05:40]} {[%emt 00:00:56]} 34. f5 {[%clk 00:17:08]}
{[%emt 00:01:21]} bxa4 {[%clk 01:05:54]} {[%emt 00:00:16]} 35. bxa4 {[%clk
00:16:09]} {[%emt 00:01:30]} Bc4 {[%clk 01:03:31]} {[%emt 00:02:52]} 36. Rb2
{[%clk 00:13:36]} {[%emt 00:03:03]} exf5 {[%clk 01:02:41]} {[%emt 00:01:20]}
37. gxf5 {[%clk 00:13:19]} {[%emt 00:00:46]} Qh6 {[%clk 01:02:58]} {[%emt
00:00:13]} 38. Bg3 {[%clk 00:11:37]} {[%emt 00:02:12]} Qe3+ {[%emt 00:01:42]}
39. Kg2 {[%clk 00:10:21]} {[%emt 00:01:44]} Qe4+ {[%clk 00:59:51]} {[%emt
00:02:29]} 40. Qf3 {[%clk 00:08:05]} {[%emt 00:02:45]} Qd4 {[%clk 00:48:39]}
{[%emt 00:11:41]} 41. Rf2 {[%clk 00:03:26]} {[%emt 00:05:09]} Bd3 {[%clk
00:46:15]} {[%emt 00:02:55]} 42. Kh3 {[%clk 00:28:29]} {[%emt 00:05:27]} Rc3
{[%clk 01:12:36]} {[%emt 00:04:09]} 43. Qh5 {[%clk 00:25:11]} {[%emt 00:03:47]}
Kf8 {[%clk 01:11:47]} {[%emt 00:01:19]} 44. e6 {[%clk 00:24:25]} {[%emt
00:01:16]} Qf6 {[%clk 01:11:13]} {[%emt 00:01:05]} 45. Bd6+ {[%clk 00:23:39]}
{[%emt 00:01:16]} 1-0

[Event "ODJM B 2024"]
[Site "Willingen GER"]
[Date "2024.05.21"]
[Round "4"]
[White "Oblender, Rudi"]
[Black "Eitel, Luc"]
[Result "0-1"]
[Termination "normal"]
[Board "26"]
[WhiteElo "1622"]
[BlackElo "1734"]
[WhiteClock "00:19:06"]
[BlackClock "00:30:25"]
[PlyCount "110"]
[WhiteFideId "34625089"]
[BlackFideId "16299728"]
[EventCountry "GER"]
[EventRounds "9"]
[EventType "swiss"]
[EventDate "2024.05.18"]

1. e4 {[%clk 01:30:58]} {[%emt 00:00:01]} c5 {[%clk 01:30:55]} {[%emt
00:00:05]} 2. Nf3 {[%clk 01:31:26]} {[%emt 00:00:02]} d6 {[%clk 01:31:20]}
{[%emt 00:00:05]} 3. c3 {[%clk 01:31:53]} {[%emt 00:00:03]} Nf6 {[%clk
01:31:40]} {[%emt 00:00:10]} 4. Bd3 {[%clk 01:31:44]} {[%emt 00:00:39]} Nc6
{[%clk 01:30:02]} {[%emt 00:02:08]} 5. O-O {[%clk 01:32:03]} {[%emt 00:00:11]}
Bg4 {[%clk 01:27:00]} {[%emt 00:03:32]} 6. Re1 {[%clk 01:28:07]} {[%emt
00:04:27]} a6 {[%clk 01:19:50]} {[%emt 00:07:40]} 7. Bf1 {[%clk 01:24:46]}
{[%emt 00:03:49]} Qb6 {[%clk 01:13:09]} {[%emt 00:07:12]} 8. d3 {[%clk
01:23:18]} {[%emt 00:01:58]} e6 {[%clk 01:06:25]} {[%emt 00:07:14]} 9. Be2
{[%clk 01:23:04]} {[%emt 00:00:44]} Be7 {[%clk 01:06:10]} {[%emt 00:00:45]} 10.
a4 {[%clk 01:19:13]} {[%emt 00:04:22]} O-O {[%clk 01:04:19]} {[%emt 00:02:19]}
11. Nbd2 {[%clk 01:19:33]} {[%emt 00:00:11]} d5 {[%clk 01:04:03]} {[%emt
00:00:46]} 12. Qc2 {[%clk 01:09:14]} {[%emt 00:10:48]} Bxf3 {[%clk 00:58:36]}
{[%emt 00:05:58]} 13. Bxf3 {[%clk 01:09:12]} {[%emt 00:00:33]} d4 {[%clk
00:53:03]} {[%emt 00:06:03]} 14. Nc4 {[%clk 01:08:40]} {[%emt 00:01:02]} Qc7
{[%clk 00:53:24]} {[%emt 00:00:07]} 15. g3 {[%clk 01:06:20]} {[%emt 00:02:50]}
b5 {[%clk 00:50:56]} {[%emt 00:02:59]} 16. axb5 {[%clk 01:03:19]} {[%emt
00:03:31]} axb5 {[%clk 00:49:49]} {[%emt 00:01:37]} 17. Na3 {[%clk 00:56:12]}
{[%emt 00:07:37]} Qb6 {[%clk 00:47:25]} {[%emt 00:02:54]} 18. Bd2 {[%clk
00:55:19]} {[%emt 00:01:23]} Rfd8 {[%clk 00:44:57]} {[%emt 00:02:57]} 19. c4
{[%clk 00:51:40]} {[%emt 00:04:10]} b4 {[%clk 00:42:45]} {[%emt 00:02:42]} 20.
Nb5 {[%clk 00:50:25]} {[%emt 00:01:45]} e5 {[%clk 00:42:53]} {[%emt 00:00:22]}
21. b3 {[%clk 00:48:12]} {[%emt 00:02:44]} Na7 {[%clk 00:41:38]} {[%emt
00:01:44]} 22. Nxa7 {[%clk 00:48:28]} {[%emt 00:00:15]} Rxa7 {[%clk 00:42:01]}
{[%emt 00:00:07]} 23. Rxa7 {[%clk 00:48:55]} {[%emt 00:00:02]} Qxa7 {[%clk
00:42:18]} {[%emt 00:00:12]} 24. Bg2 {[%clk 00:48:10]} {[%emt 00:01:16]} Ra8
{[%clk 00:40:49]} {[%emt 00:02:00]} 25. f3 {[%clk 00:34:03]} {[%emt 00:14:36]}
Qa2 {[%clk 00:39:32]} {[%emt 00:01:36]} 26. Qxa2 {[%clk 00:33:34]} {[%emt
00:01:10]} Rxa2 {[%clk 00:37:59]} {[%emt 00:02:03]} 27. Bc1 {[%clk 00:33:42]}
{[%emt 00:00:22]} Rc2 {[%clk 00:38:02]} {[%emt 00:00:26]} 28. f4 {[%clk
00:27:26]} {[%emt 00:06:47]} Nd7 {[%clk 00:35:40]} {[%emt 00:02:51]} 29. Bh3
{[%clk 00:27:37]} {[%emt 00:00:20]} Nf8 {[%clk 00:35:01]} {[%emt 00:01:09]} 30.
fxe5 {[%clk 00:26:08]} {[%emt 00:01:59]} Rc3 {[%clk 00:34:54]} {[%emt
00:00:36]} 31. Bf1 {[%clk 00:25:47]} {[%emt 00:00:51]} Rxb3 {[%clk 00:34:59]}
{[%emt 00:00:25]} 32. Kf2 {[%clk 00:22:42]} {[%emt 00:03:35]} g5 {[%clk
00:31:43]} {[%emt 00:03:47]} 33. Ke2 {[%clk 00:22:08]} {[%emt 00:01:04]} Rb1
{[%clk 00:31:18]} {[%emt 00:00:53]} 34. Kd2 {[%clk 00:22:35]} {[%emt 00:00:05]}
Ra1 {[%clk 00:30:59]} {[%emt 00:00:42]} 35. Bb2 {[%clk 00:21:03]} {[%emt
00:02:09]} Rxe1 {[%clk 00:30:31]} {[%emt 00:00:58]} 36. Kxe1 {[%clk 00:21:27]}
{[%emt 00:00:06]} Ng6 {[%clk 00:30:56]} {[%emt 00:00:05]} 37. Be2 {[%clk
00:21:31]} {[%emt 00:00:26]} Nxe5 {[%clk 00:30:39]} {[%emt 00:00:47]} 38. g4
{[%clk 00:21:41]} {[%emt 00:00:21]} Bd6 {[%clk 00:29:18]} {[%emt 00:01:50]} 39.
h3 {[%clk 00:20:35]} {[%emt 00:01:36]} Kg7 {[%clk 00:29:25]} {[%emt 00:00:22]}
40. Kf2 {[%clk 00:20:57]} {[%emt 00:00:09]} Kg6 {[%clk 00:29:37]} {[%emt
00:00:17]} 41. Kg2 {[%clk 00:20:52]} {[%emt 00:00:35]} Nd7 {[%clk 00:29:52]}
{[%emt 00:00:15]} 42. Kf3 {[%clk 00:20:57]} {[%emt 00:00:26]} Bf4 {[%clk
00:29:51]} {[%emt 00:00:30]} 43. Kf2 {[%clk 00:20:49]} {[%emt 00:00:39]} Nf6
{[%clk 00:30:00]} {[%emt 00:00:20]} 44. Ke1 {[%clk 00:20:36]} {[%emt 00:00:44]}
h5 {[%clk 00:30:08]} {[%emt 00:00:22]} 45. Kf2 {[%clk 00:20:57]} {[%emt
00:00:09]} Bd2 {[%clk 00:30:29]} {[%emt 00:00:07]} 46. Bd1 {[%clk 00:20:40]}
{[%emt 00:00:49]} hxg4 {[%clk 00:29:17]} {[%emt 00:01:42]} 47. hxg4 {[%clk
00:21:04]} {[%emt 00:00:06]} Nd7 {[%clk 00:29:11]} {[%emt 00:00:35]} 48. Kg3
{[%clk 00:18:57]} {[%emt 00:02:37]} Nb8 {[%clk 00:29:05]} {[%emt 00:00:36]} 49.
Ba4 {[%clk 00:18:39]} {[%emt 00:00:48]} Kf6 {[%clk 00:29:04]} {[%emt 00:00:31]}
50. Kf3 {[%clk 00:18:47]} {[%emt 00:00:23]} Ke5 {[%clk 00:29:18]} {[%emt
00:00:16]} 51. Kg3 {[%clk 00:18:05]} {[%emt 00:01:12]} f6 {[%clk 00:29:15]}
{[%emt 00:00:33]} 52. Kf3 {[%clk 00:18:23]} {[%emt 00:00:12]} Kd6 {[%clk
00:29:36]} {[%emt 00:00:09]} 53. Ke2 {[%clk 00:18:27]} {[%emt 00:00:26]} Bc3
{[%clk 00:29:43]} {[%emt 00:00:23]} 54. Bc1 {[%clk 00:18:39]} {[%emt 00:00:18]}
Nc6 {[%clk 00:30:07]} {[%emt 00:00:05]} 55. Kd1 {[%clk 00:19:06]} {[%emt
00:00:03]} Ne5 {[%clk 00:30:25]} {[%emt 00:00:13]} 0-1

[Event "ODJM B 2024"]
[Site "Willingen GER"]
[Date "2024.05.21"]
[Round "4"]
[White "Mahr, Thorben"]
[Black "Klages, Jonas"]
[Result "1/2-1/2"]
[Termination "normal"]
[Board "27"]
[WhiteElo "1496"]
[BlackElo "1693"]
[WhiteClock "01:11:18"]
[BlackClock "00:20:10"]
[PlyCount "60"]
[WhiteFideId "34699589"]
[BlackFideId "34639993"]
[EventCountry "GER"]
[EventRounds "9"]
[EventType "swiss"]
[EventDate "2024.05.18"]

1. e4 {[%clk 01:31:00]} {[%emt 00:42:23]} e6 {[%clk 01:31:00]} {[%emt
00:00:01]} 2. d4 {[%clk 01:31:25]} {[%emt 00:00:05]} d5 {[%clk 01:31:27]}
{[%emt 00:00:02]} 3. exd5 {[%emt 00:00:07]} exd5 {[%clk 01:31:51]} {[%emt
00:00:02]} 4. Nf3 {[%clk 01:32:18]} {[%emt 00:00:04]} Bd6 {[%emt 00:00:19]} 5.
c4 {[%clk 01:32:41]} {[%emt 00:00:06]} dxc4 {[%clk 01:27:12]} {[%emt 00:05:21]}
6. Bxc4 {[%clk 01:33:03]} {[%emt 00:00:08]} Qe7+ {[%clk 01:24:56]} {[%emt
00:02:46]} 7. Be3 {[%clk 01:32:21]} {[%emt 00:01:11]} Nf6 {[%clk 01:25:04]}
{[%emt 00:00:23]} 8. O-O {[%clk 01:32:06]} {[%emt 00:00:44]} O-O {[%clk
01:25:30]} {[%emt 00:00:04]} 9. h3 {[%clk 01:31:33]} {[%emt 00:01:03]} h6
{[%clk 01:14:05]} {[%emt 00:11:55]} 10. Re1 {[%clk 01:31:52]} {[%emt 00:00:11]}
Qd8 {[%clk 01:08:00]} {[%emt 00:06:36]} 11. Nc3 {[%clk 01:30:30]} {[%emt
00:01:52]} Bf5 {[%clk 01:07:34]} {[%emt 00:00:55]} 12. Qb3 {[%clk 01:29:25]}
{[%emt 00:01:35]} b6 {[%clk 01:04:04]} {[%emt 00:04:00]} 13. Rac1 {[%clk
01:26:19]} {[%emt 00:03:36]} Nc6 {[%clk 01:01:31]} {[%emt 00:03:03]} 14. Qa4
{[%clk 01:24:48]} {[%emt 00:02:01]} Ne7 {[%emt 00:10:15]} 15. Nb5 {[%clk
01:22:13]} {[%emt 00:03:03]} Ned5 {[%clk 00:48:00]} {[%emt 00:04:17]} 16. Nxd6
{[%clk 01:21:30]} {[%emt 00:01:14]} Qxd6 {[%clk 00:48:05]} {[%emt 00:00:25]}
17. Bxd5 {[%clk 01:19:21]} {[%emt 00:02:39]} Nxd5 {[%clk 00:48:02]} {[%emt
00:00:33]} 18. Rc6 {[%clk 01:17:56]} {[%emt 00:01:55]} Qd8 {[%clk 00:40:46]}
{[%emt 00:07:46]} 19. Qb3 {[%clk 01:15:06]} {[%emt 00:03:15]} Be6 {[%clk
00:37:23]} {[%emt 00:03:58]} 20. Qd1 {[%clk 01:13:48]} {[%emt 00:01:47]} Nb4
{[%clk 00:37:13]} {[%emt 00:00:41]} 21. Rc1 {[%clk 01:11:50]} {[%emt 00:02:27]}
Nxa2 {[%clk 00:37:27]} {[%emt 00:00:17]} 22. Ra1 {[%clk 01:12:01]} {[%emt
00:00:18]} Nb4 {[%clk 00:37:34]} {[%emt 00:00:23]} 23. Ne5 {[%clk 01:12:08]}
{[%emt 00:00:21]} Bf5 {[%clk 00:35:26]} {[%emt 00:02:41]} 24. Qf3 {[%clk
01:11:34]} {[%emt 00:01:00]} Bh7 {[%clk 00:34:18]} {[%emt 00:01:42]} 25. Nc6
{[%clk 01:11:39]} {[%emt 00:00:24]} Nxc6 {[%clk 00:34:08]} {[%emt 00:00:41]}
26. Qxc6 {[%clk 01:12:02]} {[%emt 00:00:08]} Qd6 {[%clk 00:32:58]} {[%emt
00:01:39]} 27. Rec1 {[%clk 01:11:18]} {[%emt 00:01:14]} Qb4 {[%clk 00:19:47]}
{[%emt 00:13:41]} 28. Qxc7 {[%clk 01:10:41]} {[%emt 00:01:08]} Qxb2 {[%clk
00:20:14]} {[%emt 00:00:03]} 29. Rxa7 {[%clk 01:10:58]} {[%emt 00:00:12]} Rxa7
{[%clk 00:20:37]} {[%emt 00:00:06]} 30. Qxa7 {[%clk 01:11:18]} {[%emt
00:00:11]} Be4 {[%clk 00:20:10]} {[%emt 00:00:57]} 1/2-1/2